Simulation of plasmachemical sinthesys of oxide and carbon-oxide compositions for dispersion nuclear fuel; Изотопы: технологии, материалы и применение

Dades bibliogràfiques
Parent link:Изотопы: технологии, материалы и применение.— 2016.— [С. 42]
Autor principal: Alyukov E.
Autor corporatiu: Национальный исследовательский Томский политехнический университет
Altres autors: Novoselov I. Yu. Ivan Yurievich (научный руководитель), Poberezhnikov A. D. Andrey Dmitrievich, Karengin A. G. Aleksander Grigorievich
Sumari:Заглавие с титульного экрана
Idioma:anglès
Publicat: 2016
Col·lecció:Применение изотопов в фундаментальных, прикладных физико-химических исследованиях и медицине. Получение изотопно-модифицированных материалов
Matèries:
Accés en línia:http://earchive.tpu.ru/handle/11683/32461
Format: MixedMaterials Electrònic Capítol de llibre
KOHA link:https://koha.lib.tpu.ru/cgi-bin/koha/opac-detail.pl?biblionumber=620414

MARC

LEADER 00000naa2a2200000 4500
001 620414
005 20250507133300.0
035 |a (RuTPU)RU\TPU\conf\18900 
035 |a RU\TPU\conf\18899 
090 |a 620414 
100 |a 20160926d2016 k y0rusy50 ba 
101 0 |a eng 
102 |a RU 
105 |a y z 101zy 
135 |a drgn ---uucaa 
181 0 |a i  
182 0 |a b 
200 1 |a Simulation of plasmachemical sinthesys of oxide and carbon-oxide compositions for dispersion nuclear fuel  |f E. Alyukov, I. Yu. Novoselov, A. D. Poberezhnikov  |g sci. adv. A. G. Karengin 
203 |a Текст  |c электронный 
225 1 |a Применение изотопов в фундаментальных, прикладных физико-химических исследованиях и медицине. Получение изотопно-модифицированных материалов 
300 |a Заглавие с титульного экрана 
320 |a [Библиогр.: с. 42 (1 азв.)] 
463 0 |0 (RuTPU)RU\TPU\conf\18744  |t Изотопы: технологии, материалы и применение  |o материалы III Международной научной конференции молодых ученых, аспирантов и студентов, г.Томск, 19-23 сентября 2016 г.  |f Национальный исследовательский Томский политехнический университет (ТПУ)  |v [С. 42]  |d 2016 
610 1 |a труды учёных ТПУ 
610 1 |a электронный ресурс 
610 1 |a моделирование 
610 1 |a плазма 
610 1 |a химический синтез 
610 1 |a двуокись углерода 
610 1 |a дисперсия 
610 1 |a ядерное топливо 
610 1 |a диоксид урана 
610 1 |a атомная энергетика 
700 1 |a Alyukov  |b E. 
701 1 |a Novoselov  |b I. Yu.  |c specialist in the field of nuclear physics  |c Senior Lecturer of Tomsk Polytechnic University  |f 1989-  |g Ivan Yurievich  |3 (RuTPU)RU\TPU\pers\34239  |9 17770 
701 1 |a Poberezhnikov  |b A. D.  |c physicist  |c Senior Lecturer, Tomsk Polytechnic University  |f 1981-  |g Andrey Dmitrievich  |3 (RuTPU)RU\TPU\pers\37337  |9 20256 
702 1 |a Karengin  |b A. G.  |c physicist  |c Associate Professor of Tomsk Polytechnic University, Candidate of physical and mathematical sciences  |f 1950-  |g Aleksander Grigorievich  |4 727 
712 0 2 |a Национальный исследовательский Томский политехнический университет  |c (2009- )  |9 26305 
801 2 |a RU  |b 63413507  |c 20160930  |g RCR 
850 |a 63413507 
856 4 |u http://earchive.tpu.ru/handle/11683/32461 
942 |c BK